| 000 -LEADER |
| fixed length control field |
01350nam a22002057a 4500 |
| 005 - DATE AND TIME OF LATEST TRANSACTION |
| control field |
20240910101741.0 |
| 008 - FIXED-LENGTH DATA ELEMENTS--GENERAL INFORMATION |
| fixed length control field |
230714b ||||| |||| 00| 0 eng d |
| 040 ## - CATALOGING SOURCE |
| Transcribing agency |
SSBUL |
| Modifying agency |
SSBUL |
| 082 ## - DEWEY DECIMAL CLASSIFICATION NUMBER |
| Edition number |
23 |
| Classification number |
၉၅၉.၁၀၂၁၀၉၂ တင် |
| Item number |
၁၆၀၁၁ (S-SAT) |
| 100 0# - MAIN ENTRY--PERSONAL NAME |
| Personal name |
တင်ထွေး။ |
| 9 (RLIN) |
19514 |
| 245 1# - TITLE STATEMENT |
| Title |
တတိယမြန်မာနိုင်ငံကို တည်ထောင်ခဲ့သူ အလောင်းမင်းတရားဦးအောင်ဇေယျ / |
| Statement of responsibility, etc. |
တင်ထွေး။ |
| 260 ## - PUBLICATION, DISTRIBUTION, ETC. |
| Place of publication, distribution, etc. |
ရန်ကုန်၊ |
| Name of publisher, distributor, etc. |
ကြေးမုံသတင်းစာတိုက်၊ |
| Date of publication, distribution, etc. |
၁၉၉၂။ |
| 300 ## - PHYSICAL DESCRIPTION |
| Extent |
၁၅၁ စာမျက်နှာ၊ |
| Dimensions |
၁၈ စင်တီ။ |
| 440 ## - SERIES STATEMENT/ADDED ENTRY--TITLE |
| Title |
မျိုးချစ်စိတ်ဓာတ်ထက်သန်ရေး ပညာပြန့်ပွားလှုံ့ဆော်ရေးစာစဉ်။ |
| 9 (RLIN) |
28036 |
| 500 ## - GENERAL NOTE |
| General note |
S-SAT: Sai Aung Tun |
| 504 ## - BIBLIOGRAPHY, ETC. NOTE |
| Linkage |
ကျမ်းကိုးစာရင်းပါရှိသည်။ |
| 650 ## - SUBJECT ADDED ENTRY--TOPICAL TERM |
| Topical term or geographic name entry element |
အလောင်းမင်းတရား ဦးအောင်ဇေယျ |
| 9 (RLIN) |
28037 |
| General subdivision |
အတ္ထုပ္ပတ္တိ။ |
|
| Topical term or geographic name entry element |
မြန်မာနိုင်ငံ |
| Chronological subdivision |
ကုန်းဘောင်ခေတ် |
| Form subdivision |
သမိုင်း။ |
| 9 (RLIN) |
54575 |
| 942 ## - ADDED ENTRY ELEMENTS (KOHA) |
| Source of classification or shelving scheme |
|
| Koha item type |
Book (Short term) |